Wszyscy kandydaci na Prezydenta RP 2015-2025 - Statystyki

Ogólne statystyki
  • Ten quiz został rozwiązany 39 razy
  • Średni wynik to 23 z 35
Statystyki odpowiedzi
Miejsce Wynik I tura Wynik II tura Poparcie Imię nazwisko % Poprawnych
2 30,46% 48,97% Koalicja Obywatelska Rafał Trzaskowski
100%
1 43% 51,03% Kandydat bezpartyjny, PiS Andrzej Duda
97%
3 13,87% Polska2050, Kandydat niezależny Szymon Hołownia
97%
4 6,78 Konfederacja Krzysztof Bosak
91%
5 2,36 PSL Władysław Kosiniak-Kamysz
88%
6 4,86% Razem Adrian Zandberg
85%
4 6,34% Konfederacja Korony Polski Grzegorz Braun
85%
3 14,81% Konfederacja Sławomir Mentzen
85%
5 4,99% Polska2050, Trzecia Droga Szymon Hołownia
85%
2 29,54% 50,89% Kandydat Niezależny, PiS Karol Nawrocki
82%
7 4,23% Lewicy Magdalena Biejat
82%
1 31,36% 49,11% Koalicja Obywatelska Rafał Trzaskowski
82%
1 34,76% 51,55% PiS Andrzej Duda
79%
2 33,77% 48,45% Kandydat bezpartyjny, Platforma Obywatelska Bronisław Komorowski
79%
8 1,24% KW Kandydata na Prezydenta Rzeczypospolitej Polskiej Krzysztof Stanowski
79%
9 1,09% KW Kandydata na Prezydenta Rzeczypospolitej Polskiej Joanna Senyszyn
76%
12 0,19% KW Kandydata na Prezydenta Rzeczypospolitej Polskiej Maciej Maciak
76%
10 0,77% KW Kandydata na Prezydenta Rzeczypospolitej Polskiej Marek Jakubiak
76%
13 0,09% Bezpartyjni Samorządowcy Marek Woch
76%
6 2,22 Lewica Robert Biedroń
76%
11 0,49% KW Kandydata na Prezydenta Rzeczypospolitej Polskiej Artur Bartoszewicz
73%
3 20,80% KW Kandydata na Prezydenta Rzeczypospolitej Polskiej Paweł Kukiz
73%
4 3,26% Kongres Nowej Prawicy Janusz Korwin-Mikke
64%
5 2,38% Kandydat niezależny, SLD Magdalena Ogórek
58%
7 0,23% PolEXIT Stanisław Żółtek
58%
7 1,42% Twój Ruch Janusz Palikot
45%
8 0,17% KW Kandydata na Prezydenta Rzeczypospolitej Polskiej Marek Jakubiak
42%
8 0,83% KW Kandydata na Prezydenta Rzeczypospolitej Polskiej Grzegorz Braun
39%
9 0,14% KW Kandydata na Prezydenta Rzeczypospolitej Polskiej Paweł Tanajno
36%
6 1,60% PSL Adam Jarubas
33%
11 0,20% Demokracja Bezpośrednia Paweł Tanajno
33%
10 0,14% KW Kandydata na Prezydenta Rzeczypospolitej Polskiej Waldemar Witkowski
33%
9 0,52% Ruch Narodowy Marian Kowalski
30%
11 0,11% KW Kandydata na Prezydenta Rzeczypospolitej Polskiej Mirosław Piotrowski
24%
10 0,46% Kongres Nowej Prawicy Jacek Wilk
21%
Nie znaleziono quizów pasujących do podanych kryteriów
Rozkład punktacji
Procent ludzi z każdym wynikiem
Percentyl według liczby udzielonych odpowiedzi
Twoja historia wyników
Nie rozwiązałeś tego quizu